Phương pháp dạy học môn sinh ở trung học cơ sở
में बचाया:
| मुख्य लेखक: | |
|---|---|
| स्वरूप: | पुस्तक |
| टैग : |
टैग जोड़ें
कोई टैग नहीं, इस रिकॉर्ड को टैग करने वाले पहले व्यक्ति बनें!
|
| Thư viện lưu trữ: | Mạng thư viện Đại học Đà Nẵng |
|---|
| LEADER | 00617nam a2200205 4500 | ||
|---|---|---|---|
| 001 | 000009294 | ||
| 003 | 5490 | ||
| 005 | 20150812140811.0 | ||
| 008 | 111026s sd | ||
| 100 | 0 | |a Nguyễn Quang Vinh | |
| 245 | 0 | 0 | |a Phương pháp dạy học môn sinh ở trung học cơ sở |c Nguyễn Quang Vinh |
| 774 | |a Nguyễn Quang Vinh |d Đại học sư phạm |d H. |d 2005 |g T.1 |h 229tr. |w 5494 | ||
| OWN | |a LSP | ||
| 999 | |a From the UDN01 | ||
| TYP | |a Monograph | ||
| TYP | |a Printed language | ||
| 980 | |a Mạng thư viện Đại học Đà Nẵng | ||